| 000 | 00000nam 2200000zi 4500 |
| 001 | 9.945345 |
| 003 | CaOODSP |
| 005 | 20250110150539 |
| 006 | m o d f |
| 007 | cr bn||||||||| |
| 008 | 241119t20242024onc oz f000 0 fre d |
| 020 | |a9780660745787 |
| 040 | |aCaOODSP|bfre|erda|cCaOODSP |
| 041 | 0 |afre|aeng |
| 043 | |an-cn--- |
| 086 | 1 |aFR4-2017/33-PDF |
| 130 | 0 |aConvention internationale de 2004 pour le contrôle et la gestion des eaux de ballast et sédiments des navires |d(2004 février 13) |
| 245 | 10|aNavigation / International Convention for the Control and Management of Ships' Ballast Water and Sediments, 2004 = |bNavigation / Convention internationale de 2004 pour le contrôle et la gestion des eaux de ballast et sédiments des navires. |
| 246 | 31|aNavigation / Convention internationale de 2004 pour le contrôle et la gestion des eaux de ballast et sédiments des navires |
| 264 | 1|a[Ottawa] : |bTreaty Law Division of the Department of Foreign Affairs, Trade and Development = Direction du droit des traités du Ministère des affaires étrangères, du commerce et du développement, |c[2024] |
| 264 | 4|a©2024 |
| 300 | |a1 ressource en ligne (49, 49 pages). |
| 336 | |atexte|btxt|2rdacontent/fre |
| 337 | |ainformatique|bc|2rdamedia/fre |
| 338 | |aressource en ligne|bcr|2rdacarrier/fre |
| 490 | 1 |aTreaty series = |aRecueil des traités ; |v2017/33 |
| 500 | |a« Adoptée à Londres le 13 février 2004. En vigueur le 8 septembre 2017. En vigueur pour le Canada le 8 septembre 2017. » |
| 500 | |aNumérotation répétée sur les pages suppléants. |
| 546 | |aTexte en anglais et en français. |
| 650 | 6|aDéballastage|xDroit. |
| 651 | 6|aCanada|xRelations extérieures|vTraités. |
| 655 | 7|aTraiteĢs|2rvmgf |
| 710 | 1 |aCanada. |bAffaires mondiales Canada. |bDirection du droit des traités, |eorganisme de publication. |
| 710 | 1 |aCanada, |eparticipant à un traité. |
| 788 | |tNavigation / International Convention for the Control and Management of Ships' Ballast Water and Sediments, 2004 = |eeng|w(CaOODSP)9.945340 |
| 830 | #0|aCanada treaty series ;|v2017/33.|w(CaOODSP)9.811738 |
| 856 | 40|qPDF|s1.75 Mo|uhttps://publications.gc.ca/collections/collection_2025/amc-gac/FR4-2017-33.pdf |